Las atrocidades alemanas : (Record no. 27344)

MARC details
000 -LEADER
campo de control de longitud fija 00924nam a2200217 i 4500
001 - NÚMERO DE CONTROL
campo de control 27344
003 - IDENTIFICADOR DE NÚMERO DE CONTROL
campo de control ES-MaACL
005 - FECHA Y HORA DE LA ÚLTIMA TRANSACCIÓN
campo de control 20250712032629.0
007 - CAMPO FIJO DE DESCRIPCIÓN FÍSICA--INFORMACIÓN GENERAL
campo de control de longitud fija t|
008 - DATOS DE LONGITUD FIJA--INFORMACIÓN GENERAL
campo de control de longitud fija 030114s1915 sp ||||1| spa d
080 ## - NÚMERO DE LA CLASIFICACIÓN DECIMAL UNIVERSAL
Número de la Clasificación Decimal Universal 94(100)"1914/18"
245 04 - MENCIÓN DEL TÍTULO
Título Las atrocidades alemanas :
Resto del título asesinatos, robos, incendios, violaciones cometidas por las tropas alemanas en Francia (relato oficial de la Comisión nombrada por el Gobierno francés para averiguar y atestiguar estos crímenes) /
Mención de responsabilidad, etc. traducción literal por V. Blasco Ibáñez.
260 ## - PUBLICACIÓN, DISTRIBUCIÓN, ETC.
Lugar de publicación, distribución, etc. Valencia :
Nombre del editor, distribuidor, etc. Prometeo,
Fecha de publicación, distribución, etc. 1915.
300 ## - DESCRIPCIÓN FÍSICA
Extensión 77 p. ;
Dimensiones 15 cm.
650 14 - PUNTO DE ACCESO ADICIONAL DE MATERIA--TÉRMINO DE MATERIA
Término de materia o nombre geográfico como elemento de entrada Guerra mundial, 1914-1918-
Subdivisión general Destrucciones y saqueos.
9 (RLIN) 13218
650 #4 - PUNTO DE ACCESO ADICIONAL DE MATERIA--TÉRMINO DE MATERIA
Término de materia o nombre geográfico como elemento de entrada Guerra mundial, 1914-1918-
Subdivisión general Atrocidades.
9 (RLIN) 171324
650 #4 - PUNTO DE ACCESO ADICIONAL DE MATERIA--TÉRMINO DE MATERIA
Término de materia o nombre geográfico como elemento de entrada Guerra mundial, 1914-1918-
Subdivisión geográfica Francia.
9 (RLIN) 13219
700 1# - ENTRADA AGREGADA--NOMBRE PERSONAL
Nombre de persona Blasco Ibáñez, Vicente,
Fechas asociadas al nombre 1867-1928
9 (RLIN) 29388
852 ## - LOCALIZACIÓN
Ubicación ES-MaACL
Número de control de estantería T-1443-F-3
Holdings
Estatus retirado Estado de pérdida Estado de daño No para préstamo Colección Biblioteca de origen Biblioteca actual Ubicación en estantería Fecha de adquisición Fuente de adquisición Total de préstamos Signatura topográfica completa Código de barras Visto por última vez Precio de reemplazo Tipo de ítem Koha
        Colección de folletos Biblioteca del Ateneo de Madrid Biblioteca del Ateneo de Madrid Depósito folletos 17/01/2008     T-1443-F-3 1028223 23/02/2023 23/02/2023 Folleto